[Event "TCh-CHN 2017"]
[Site "China CHN"]
[Date "2017.08.18"]
[Round "12.1"]
[Board "2"]
[White "Li, Chao b"]
[Black "Ma, Qun"]
[Result "1-0"]
[WhiteTitle "GM"]
[BlackTitle "GM"]
[WhiteElo "2732"]
[BlackElo "2638"]
[WhiteTeam "Beijing"]
[BlackTeam "Hangzhou"]
[WhiteFideId "8604436"]
[BlackFideId "8603154"]
[EventDate "2017.04.18"]

1. c4 e5 2. g3 Nf6 3. Bg2 d5 4. cxd5 Nxd5 5. Nc3 Nb6 6. Nf3 Nc6 7. O-O Be7 8. a3
Be6 9. d3 O-O 10. b4 a5 11. b5 Nd4 12. Bb2 f6 13. Nd2 c6 14. bxc6 Nxc6 15. Na4
Rb8 16. Rc1 Nxa4 17. Qxa4 Nd4 18. Qd1 a4 19. e3 Nb3 20. Nxb3 Bxb3 21. Qe2 Bd6
22. d4 exd4 23. exd4 b5 24. Be4 Bc4 25. Qc2 g6 26. Rfe1 Qd7 27. Qd1 Kg7 28. Qf3
Rbc8 29. h4 b4 30. h5 bxa3 31. Bxa3 Bxa3 32. Qxa3 Rfe8 33. Bf3 Bb3 34. hxg6 hxg6
35. Qb4 Rxc1 36. Rxc1 Rd8 37. Rc6 Bf7 38. d5 Bxd5 39. Bxd5 Qxd5 40. Qe7+ Kh6 41.
Rc7 Qd1+ 42. Kg2 Qd6 43. Qh7+ Kg5 44. f3 Qb4 45. Rg7 Qd2+ 46. Kh3 Qd3 47. Rxg6+
Qxg6 48. f4+ Kf5 49. g4+ Kxf4 50. Qxg6 Rd6 51. Qf5+ 1-0

[Event "TCh-CHN 2017"]
[Site "China CHN"]
[Date "2017.08.18"]
[Round "12.1"]
[Board "3"]
[White "Fang, Yan"]
[Black "Bai, Jinshi"]
[Result "0-1"]
[BlackTitle "GM"]
[WhiteElo "2426"]
[BlackElo "2556"]
[WhiteTeam "Beijing"]
[BlackTeam "Hangzhou"]
[WhiteFideId "8604746"]
[BlackFideId "8602280"]
[EventDate "2017.04.18"]

1. e4 e5 2. Nf3 Nf6 3. Nxe5 d6 4. Nf3 Nxe4 5. d3 Nf6 6. d4 d5 7. Bd3 c5 8. dxc5
Bxc5 9. Qe2+ Be6 10. Ng5 Qe7 11. Nxe6 Qxe6 12. O-O O-O 13. Nc3 Nc6 14. Bg5 Qxe2
15. Bxe2 Ne4 16. Nxe4 dxe4 17. c3 h6 18. Be3 Bxe3 19. fxe3 Rad8 20. Rad1 g6 21.
Bc4 Rxd1 22. Rxd1 Kg7 23. Kf2 Ne5 24. Rd4 f5 25. Ke2 Rc8 26. Bb3 Rc7 27. Rd6 Nd3
28. g4 Nxb2 29. gxf5 gxf5 30. h4 h5 31. Rd5 Kf6 32. Rd6+ Kg7 33. Rd5 Kf6 34.
Rd6+ Ke7 35. Rh6 Rxc3 36. Rxh5 Kf6 37. Rh6+ Kg7 38. Rd6 Nc4 39. Bxc4 Rxc4 40.
Kf2 Rc2+ 41. Kg3 Rxa2 42. Rd7+ Kf6 43. Rxb7 Ra3 44. Kf2 Ra2+ 45. Kg3 Ra3 46. Kf2
Kg6 47. Rb5 a6 48. Rc5 Ra1 49. Rd5 a5 50. h5+ Kg5 51. h6 a4 52. Kg2 Kxh6 53.
Rxf5 a3 54. Rc5 a2 55. Ra5 Kg6 56. Ra6+ Kf5 57. Ra5+ Ke6 58. Ra4 Kd5 59. Kh2 Kc5
60. Kg2 Kb5 61. Ra8 Kc4 62. Ra3 Kb4 63. Ra8 Kb3 64. Rb8+ Kc3 65. Ra8 Rd1 0-1

[Event "TCh-CHN 2017"]
[Site "China CHN"]
[Date "2017.08.18"]
[Round "12.1"]
[Board "4"]
[White "Gu, Tianlu"]
[Black "Wang, Jue"]
[Result "0-1"]
[WhiteTitle "WIM"]
[BlackTitle "WGM"]
[WhiteElo "2197"]
[BlackElo "2359"]
[WhiteTeam "Hangzhou"]
[BlackTeam "Beijing"]
[WhiteFideId "8603995"]
[BlackFideId "8604070"]
[EventDate "2017.04.18"]

1. d4 d5 2. c4 c6 3. Nc3 Nf6 4. Nf3 e6 5. Bg5 Nbd7 6. cxd5 exd5 7. e3 Be7 8. Bd3
Ne4 9. Bxe4 Bxg5 10. Bc2 Be7 11. O-O O-O 12. Rb1 a5 13. Re1 g6 14. a3 Re8 15. b4
axb4 16. axb4 Nb6 17. Ne5 Bd6 18. e4 Ra3 19. Ne2 f6 20. Qc1 Ra7 21. Nxg6 hxg6
22. Qh6 Re7 23. exd5 Nxd5 24. Qxg6+ Rg7 25. Qh6 b5 26. Ng3 Bxg3 27. hxg3 Rae7
28. Re4 Rxe4 29. Bxe4 Be6 30. Re1 Bf7 31. Qd2 Qd6 32. Ra1 Rg5 33. Ra8+ Kg7 34.
Ra7 Nxb4 35. f4 Rxg3 36. Qf2 Rc3 37. Kh2 Nd5 38. g3 Ra3 39. Rxa3 Qxa3 40. Qe2
Qe7 41. Qg4+ Kf8 42. Bd3 Qe3 43. Qc8+ Qe8 44. Qg4 b4 45. Bc2 Ne3 46. Qe2 Bc4 47.
Bd3 Bxd3 48. Qxd3 Qh5+ 49. Kg1 Qd1+ 0-1

[Event "TCh-CHN 2017"]
[Site "China CHN"]
[Date "2017.08.18"]
[Round "12.1"]
[Board "5"]
[White "Girya, Olga"]
[Black "Zhao, Xue"]
[Result "1-0"]
[WhiteTitle "WGM"]
[BlackTitle "GM"]
[WhiteElo "2484"]
[BlackElo "2477"]
[WhiteTeam "Hangzhou"]
[BlackTeam "Beijing"]
[WhiteFideId "4195752"]
[BlackFideId "8601283"]
[EventDate "2017.04.18"]

1. d4 Nf6 2. c4 e6 3. Nf3 b6 4. a3 Ba6 5. Qc2 c6 6. e4 d5 7. e5 Nfd7 8. Bg5 f6
9. exf6 gxf6 10. Bh4 Be7 11. Bd3 dxc4 12. Bxc4 Bxc4 13. Qxc4 Kf7 14. O-O Nf8 15.
Nc3 b5 16. Qe2 Nbd7 17. a4 a6 18. axb5 axb5 19. Qe4 Rc8 20. Ra7 Rc7 21. Rxc7
Qxc7 22. Rc1 f5 23. Qe3 Bxh4 24. Nxh4 b4 25. Ne2 Ng6 26. Nxg6 hxg6 27. Nf4 Qd6
28. Qg3 Rg8 29. Re1 g5 30. Nxe6 Qxg3 31. hxg3 Nb6 32. f4 gxf4 33. gxf4 Rg4 34.
Kf2 Nd5 35. g3 Rg6 36. Ng5+ Kf8 37. Re5 Ne7 38. Ke3 Rh6 39. Ne6+ Kf7 40. Ng5+
Ke8 41. Nf3 Kf7 42. Nh4 Rh5 43. Kd3 Kf6 44. Kc4 Rh7 45. Kxb4 Rg7 46. Kc5 Rg8 47.
Kd6 Rd8+ 48. Kc7 Ra8 49. Kd7 Ra7+ 50. Kd6 Rb7 51. Re6+ Kf7 52. Re2 Kf6 53. Nf3
Ng6 54. Ne5 Nf8 55. Kxc6 1-0

[Event "TCh-CHN 2017"]
[Site "China CHN"]
[Date "2017.08.18"]
[Round "12.2"]
[Board "1"]
[White "Zeng, Chongsheng"]
[Black "Grischuk, Alexander"]
[Result "0-1"]
[WhiteTitle "GM"]
[BlackTitle "GM"]
[WhiteElo "2547"]
[BlackElo "2772"]
[WhiteTeam "Chongqing"]
[BlackTeam "Shanghai"]
[WhiteFideId "8603847"]
[BlackFideId "4126025"]
[EventDate "2017.04.18"]

1. e4 c5 2. Nf3 Nc6 3. d4 cxd4 4. Nxd4 Nf6 5. Nc3 d6 6. Bg5 e6 7. Qd2 a6 8.
O-O-O Bd7 9. f4 Be7 10. Nf3 b5 11. e5 b4 12. exf6 bxc3 13. Qxc3 gxf6 14. Bh4 d5
15. Nd4 Qa5 16. Qxa5 Nxa5 17. Bd3 f5 18. Bxe7 Kxe7 19. Rhe1 Kf6 20. b3 Nb7 21.
c4 Rhc8 22. Kb2 dxc4 23. Bxc4 Nc5 24. Re5 Rab8 25. Ka3 Bb5 26. Bxb5 axb5 27. Kb2
h5 28. g3 h4 29. Nc2 Ne4 30. g4 Nf2 31. g5+ Kg6 32. Rd4 h3 33. Re3 Rh8 34. Rd2
Ne4 35. Rdd3 Rh4 36. Rf3 Rbh8 37. Ne3 f6 38. gxf6 Kxf6 39. Ka3 Ra8+ 40. Kb2 Rg8
41. Rd1 Rh7 42. a3 Ra8 43. Nf1 Rha7 44. b4 Rg8 45. Ne3 Rh7 46. Rff1 Rh4 47. Rd3
Ke7 48. Kb3 Rc8 49. Kb2 Nd6 50. Rc3 Rxc3 51. Kxc3 Ne4+ 52. Kc2 Nf6 53. Kb3 Nh5
54. a4 bxa4+ 55. Kxa4 Nxf4 56. Ka5 Ng2 57. Nxf5+ exf5 58. Rxf5 Kd6 59. b5 Ne3
60. Rf6+ Kc5 61. Rc6+ Kd5 62. Rc3 Nc4+ 63. Kb4 Nd6+ 64. Ka5 Rh5 65. Rb3 Ke4 66.
Ka6 Nxb5 0-1

[Event "TCh-CHN 2017"]
[Site "China CHN"]
[Date "2017.08.18"]
[Round "12.2"]
[Board "2"]
[White "Andreikin, Dmitry"]
[Black "Zhou, Jianchao"]
[Result "1/2-1/2"]
[WhiteTitle "GM"]
[BlackTitle "GM"]
[WhiteElo "2712"]
[BlackElo "2597"]
[WhiteTeam "Chongqing"]
[BlackTeam "Shanghai"]
[WhiteFideId "4158814"]
[BlackFideId "8603537"]
[EventDate "2017.04.18"]

1. d4 Nf6 2. c4 g6 3. Nc3 d5 4. e3 Bg7 5. cxd5 Nxd5 6. Nxd5 Qxd5 7. Ne2 O-O 8.
Nc3 Qd6 9. Be2 Rd8 10. O-O Na6 11. Bc4 Be6 12. Bxe6 Qxe6 13. Bd2 Qd7 14. Qb3 c5
15. Rad1 cxd4 16. exd4 Nc7 17. Qxb7 Rdb8 18. Qf3 Rxb2 19. d5 Qf5 20. Bf4 g5 21.
Bxc7 Qxf3 22. gxf3 Bxc3 23. a3 Rc8 24. d6 exd6 25. Bxd6 Bd2 26. Rb1 Rxb1 27.
Rxb1 Rc1+ 28. Rxc1 Bxc1 29. f4 gxf4 30. f3 f5 31. Kf1 Kf7 32. Ke2 Ke6 33. Bf8
Kd5 34. Kd3 a6 35. h3 Be3 36. a4 Bc5 37. Bg7 Bb4 38. Bd4 Bc5 39. Bb2 Bd6 40. Bd4
Bc5 1/2-1/2

[Event "TCh-CHN 2017"]
[Site "China CHN"]
[Date "2017.08.18"]
[Round "12.2"]
[Board "3"]
[White "Zhou, Weiqi"]
[Black "Ni, Hua"]
[Result "1/2-1/2"]
[WhiteTitle "GM"]
[BlackTitle "GM"]
[WhiteElo "2613"]
[BlackElo "2671"]
[WhiteTeam "Chongqing"]
[BlackTeam "Shanghai"]
[WhiteFideId "8601674"]
[BlackFideId "8601160"]
[EventDate "2017.04.18"]

1. e4 e5 2. Nf3 Nc6 3. Bb5 Nf6 4. O-O Nxe4 5. Re1 Nd6 6. Nxe5 Be7 7. Bf1 Nf5 8.
Nf3 O-O 9. d4 d5 10. c3 Bd6 11. Nbd2 Re8 12. Rxe8+ Qxe8 13. Bd3 g6 14. Nf1 f6
15. Bd2 Nce7 16. Qb3 c6 17. Re1 Qf7 18. a4 Rb8 19. Qc2 Bd7 20. a5 Re8 21. b4 Nc8
22. Qc1 Rxe1 23. Qxe1 Nce7 24. Ng3 Nxg3 25. hxg3 Bf5 26. Bxf5 Nxf5 27. Nh4 Nxh4
28. gxh4 Qe7 29. Qxe7 Bxe7 30. f3 Kf7 31. Kf2 1/2-1/2

[Event "TCh-CHN 2017"]
[Site "China CHN"]
[Date "2017.08.18"]
[Round "12.2"]
[Board "4"]
[White "Ju, Wenjun"]
[Black "Lei, Tingjie"]
[Result "1/2-1/2"]
[WhiteTitle "GM"]
[BlackTitle "GM"]
[WhiteElo "2567"]
[BlackElo "2528"]
[WhiteTeam "Shanghai"]
[BlackTeam "Chongqing"]
[WhiteFideId "8603006"]
[BlackFideId "8605114"]
[EventDate "2017.04.18"]

1. d4 d5 2. c4 c6 3. Nf3 Nf6 4. Nc3 e6 5. Bg5 Nbd7 6. e3 Qa5 7. Nd2 Bb4 8. Qc2
O-O 9. Be2 c5 10. O-O cxd4 11. Nb3 Qb6 12. Bxf6 Bxc3 13. Be7 dxc4 14. Bxf8 cxb3
15. axb3 dxe3 16. bxc3 exf2+ 17. Kh1 Nxf8 18. Bf3 f6 19. Qxf2 Qxf2 20. Rxf2 Kf7
21. Ra4 Nd7 22. Rb4 Rb8 23. Rd2 Ke7 24. Rc4 g5 25. h4 h6 26. hxg5 hxg5 27. g3 a6
28. Kg1 Kd8 29. Kf2 Ke7 30. Ke3 f5 31. Rh2 g4 32. Bh1 Kd6 33. Rh8 Nb6 34. Rd4+
Kc7 35. Rdd8 a5 36. Rdg8 Ra8 37. Rg7+ Bd7 38. Rxa8 Nxa8 39. Bxb7 Nb6 40. Ba6 Kd6
41. Rg6 a4 42. bxa4 Nxa4 43. c4 Nc5 44. Bb5 Bc8 45. Rg8 Bb7 46. Rg7 Ke5 47. Rc7
Kd6 48. Rg7 Ke5 49. Rc7 Kd6 50. Rg7 Ke5 1/2-1/2

[Event "TCh-CHN 2017"]
[Site "China CHN"]
[Date "2017.08.18"]
[Round "12.2"]
[Board "5"]
[White "Ni, Shiqun"]
[Black "Tan, Zhongyi"]
[Result "0-1"]
[WhiteTitle "WGM"]
[BlackTitle "GM"]
[WhiteElo "2441"]
[BlackElo "2517"]
[WhiteTeam "Shanghai"]
[BlackTeam "Chongqing"]
[WhiteFideId "8608466"]
[BlackFideId "8603642"]
[EventDate "2017.04.18"]

1. e4 e5 2. Nf3 Nc6 3. Bc4 Bc5 4. O-O Nf6 5. d3 d6 6. c3 a6 7. a4 h6 8. Re1 Ba7
9. Nbd2 O-O 10. h3 Be6 11. Bxe6 fxe6 12. b4 Nh5 13. Nf1 Nf4 14. Be3 Qf6 15. Bxa7
Rxa7 16. Kh2 Raa8 17. Ne3 h5 18. Ra2 d5 19. exd5 exd5 20. d4 e4 21. Ng1 Qg5 22.
Rf1 Ne7 23. g3 Nfg6 24. Qe2 h4 25. Qg4 hxg3+ 26. Qxg3 Qh5 27. Qg4 Qh6 28. Qe6+
Kh8 29. Nxd5 Nxd5 30. Qxd5 Rae8 31. Qd7 Nh4 32. f4 exf3 33. Raf2 Qf4+ 34. Kh1
Re3 35. c4 Rf5 36. Qc8+ Kh7 37. Qxb7 Qg3 38. Qc6 Re1 0-1

[Event "TCh-CHN 2017"]
[Site "China CHN"]
[Date "2017.08.18"]
[Round "12.3"]
[Board "1"]
[White "Andriasian, Zaven"]
[Black "Xu, Jun"]
[Result "1/2-1/2"]
[WhiteTitle "GM"]
[BlackTitle "GM"]
[WhiteElo "2585"]
[BlackElo "2507"]
[WhiteTeam "Shenzhen"]
[BlackTeam "Jiangsu"]
[WhiteFideId "13302000"]
[BlackFideId "8600031"]
[EventDate "2017.04.18"]

1. e4 e5 2. Nf3 Nc6 3. Bc4 Bc5 4. O-O Nf6 5. d3 d6 6. c3 O-O 7. Nbd2 a6 8. Bb3
h6 9. h3 Ba7 10. Re1 Be6 11. Bc2 Re8 12. Nf1 d5 13. exd5 Bxd5 14. Ng3 Qd7 15.
Be3 Bxe3 16. Rxe3 Re7 17. Qe2 Rae8 18. a4 a5 19. Re1 g6 20. Qd1 Kg7 21. Nd2 Qd8
22. Nf3 Qd7 23. Ne4 Bxe4 24. dxe4 Qxd1 25. Bxd1 Rd8 26. Bc2 Rd6 27. Kf1 Nd7 28.
Rd3 Rxd3 29. Bxd3 Nb6 30. b3 Kf6 31. Ke2 Rd7 32. g3 Nd8 33. Ra1 Rd6 34. Ke3 Rc6
35. Rc1 Rd6 36. Bb5 g5 37. h4 Ne6 38. hxg5+ hxg5 39. Bd3 Nc5 40. Bc2 g4 41. Nh4
Rd8 42. Nf5 Rh8 43. Ke2 Ne6 44. b4 Ra8 45. Bb3 c5 46. b5 c4 47. Bc2 Nc5 48. Ne3
Ncxa4 49. Bxa4 Nxa4 50. Nxc4 Nc5 51. Nb6 Rd8 52. Nd5+ 1/2-1/2

[Event "TCh-CHN 2017"]
[Site "China CHN"]
[Date "2017.08.18"]
[Round "12.3"]
[Board "2"]
[White "Wang, Hao"]
[Black "Wei, Yi"]
[Result "1/2-1/2"]
[WhiteTitle "GM"]
[BlackTitle "GM"]
[WhiteElo "2709"]
[BlackElo "2743"]
[WhiteTeam "Shenzhen"]
[BlackTeam "Jiangsu"]
[WhiteFideId "8602883"]
[BlackFideId "8603405"]
[EventDate "2017.04.18"]

1. e4 e6 2. d4 d5 3. Nc3 Nf6 4. e5 Nfd7 5. f4 c5 6. Nf3 Nc6 7. Be3 a6 8. Qd2 b5
9. dxc5 Bxc5 10. Ne2 O-O 11. Bxc5 Nxc5 12. Ned4 Ne4 13. Qe3 Nxd4 14. Qxd4 b4 15.
Bd3 a5 16. O-O Qc7 17. Rad1 Ba6 18. Rfe1 Rfc8 19. Qe3 a4 20. Nd4 a3 21. Bxe4
dxe4 22. b3 Rd8 23. Qxe4 Rd5 24. Rd2 Rad8 25. Red1 g5 26. Qe3 Qc5 27. f5 Kh8 28.
fxe6 fxe6 29. Qxg5 Rxd4 30. Qf6+ Kg8 31. Qxe6+ Kh8 32. Qf6+ Kg8 33. Qg5+ 1/2-1/2

[Event "TCh-CHN 2017"]
[Site "China CHN"]
[Date "2017.08.18"]
[Round "12.3"]
[Board "3"]
[White "Liu, Qingnan"]
[Black "Lin, Chen"]
[Result "1-0"]
[WhiteTitle "GM"]
[BlackTitle "GM"]
[WhiteElo "2522"]
[BlackElo "2477"]
[WhiteTeam "Shenzhen"]
[BlackTeam "Jiangsu"]
[WhiteFideId "8603294"]
[BlackFideId "8602298"]
[EventDate "2017.04.18"]

1. d4 d5 2. c4 c6 3. Nf3 e6 4. e3 Bd6 5. Bd3 f5 6. O-O Nf6 7. b3 Qe7 8. Bb2 O-O
9. Ne5 b6 10. cxd5 cxd5 11. Nc3 a6 12. Qe2 Bb7 13. Rfc1 Nbd7 14. Nd1 Ne4 15. f3
Bxe5 16. dxe5 Nec5 17. Nf2 Nxd3 18. Nxd3 Rfc8 19. Bd4 Qd8 20. Nf4 Kf7 21. g4
fxg4 22. fxg4 Nf8 23. Rf1 Kg8 24. Qf2 Rc6 25. Rac1 Rxc1 26. Rxc1 a5 27. Qf3 Rc8
28. Rf1 Qe7 29. Bxb6 Nd7 30. Bd4 Ba6 31. Rf2 Rf8 32. Nxd5 Qh4 33. Nf4 g5 34. Qh3
Qxh3 35. Nxh3 h6 36. Rxf8+ Kxf8 37. Nf2 Bb7 38. Kf1 Nb8 39. Ke2 Nc6 40. Nd3 Ba6
41. Kd2 Ke7 42. Bc5+ Kf7 43. Bd6 Bb5 44. Nc5 Bf1 45. Ne4 Bg2 46. Nf6 Bf1 47. Bc7
Bb5 48. Ne4 Bf1 49. Ke1 Bh3 50. Nf6 Nb4 51. Kd2 Nc6 52. Ke2 Bg2 53. Kf2 Bh3 54.
a3 Kg6 55. Bd6 Na7 56. Bc5 Nc6 57. Bd4 Kf7 58. Bc3 Kg6 59. Ke2 Kf7 60. Bd4 Kg6
61. Bc3 Kf7 62. Kf3 Bf1 63. Ne4 Bd3 64. Nc5 Bf1 65. Nb7 Ba6 66. Nxa5 Nxa5 67.
Bxa5 Bd3 68. b4 Ke8 69. Bc7 Bb5 70. Bd6 Ba4 71. Ke2 Bb5+ 72. Kf3 Ba4 73. Ke2
Bb5+ 74. Kd2 Ba4 75. e4 Bb5 76. Ke3 Ba4 77. Kd4 Bd1 78. b5 Kd7 79. Kc5 Bf3 80.
a4 Kc8 81. a5 1-0

[Event "TCh-CHN 2017"]
[Site "China CHN"]
[Date "2017.08.18"]
[Round "12.3"]
[Board "5"]
[White "Guo, Qi"]
[Black "Liu, Shilan"]
[Result "1-0"]
[WhiteTitle "IM"]
[BlackTitle "WGM"]
[WhiteElo "2396"]
[BlackElo "2083"]
[WhiteTeam "Jiangsu"]
[BlackTeam "Shenzhen"]
[WhiteFideId "8604002"]
[BlackFideId "8600279"]
[EventDate "2017.04.18"]

1. d4 Nf6 2. c4 e6 3. Nf3 Bb4+ 4. Nbd2 O-O 5. a3 Bxd2+ 6. Qxd2 b6 7. e3 Bb7 8.
Be2 d6 9. O-O Nbd7 10. b4 Ne4 11. Qc2 f5 12. Bb2 Rf6 13. d5 Rg6 14. Rad1 Nf8 15.
Kh1 Rh6 16. Bd3 exd5 17. cxd5 Bxd5 18. Bc4 Bxc4 19. Qxc4+ Ne6 20. Qd5 Kh8 21.
Qxf5 N4g5 22. Nd2 Qf8 23. Qg4 Rg6 24. Qc4 Qf5 25. f4 Nf7 26. Qe2 d5 27. e4 dxe4
28. Qxe4 Qxe4 29. Nxe4 Nf8 30. Rc1 Rc8 31. f5 Rg4 32. Ng3 Kg8 33. Rfe1 a5 34.
bxa5 bxa5 35. Re3 c5 36. h3 Rg5 37. Rc4 Nd6 38. Rf4 Rb8 39. Bc3 h5 40. h4 Rb1+
41. Kh2 Rg4 42. Rxg4 hxg4 43. Re7 Nf7 44. Nh5 g3+ 45. Kh3 c4 46. Nxg7 Rb3 47.
Bf6 Nd6 48. Be5 Ne4 49. Kg4 Nh7 50. Ne6 c3 51. Rg7+ Kh8 52. Rg6+ Nhf6+ 53. Bxf6+
Nxf6+ 54. Rxf6 Rb8 55. Nd4 Rd8 56. Ne2 c2 57. Rc6 Rd2 58. Kf3 1-0

[Event "TCh-CHN 2017"]
[Site "China CHN"]
[Date "2017.08.18"]
[Round "12.4"]
[Board "1"]
[White "Ma, Zhonghan"]
[Black "Wan, Yunguo"]
[Result "1/2-1/2"]
[WhiteTitle "IM"]
[BlackTitle "GM"]
[WhiteElo "2471"]
[BlackElo "2486"]
[WhiteTeam "Qingdao"]
[BlackTeam "Hebei"]
[WhiteFideId "8607206"]
[BlackFideId "8603189"]
[EventDate "2017.04.18"]

1. d4 Nf6 2. c4 e6 3. Nf3 Bb4+ 4. Bd2 Qe7 5. g3 O-O 6. Bg2 Nc6 7. O-O Bxd2 8.
Qxd2 d6 9. Nc3 e5 10. Nd5 Nxd5 11. cxd5 Nxd4 12. Nxd4 exd4 13. Rac1 Re8 14. Rfe1
Qe5 15. Rxc7 Bf5 16. e4 dxe3 17. Rxe3 Qf6 18. Rxb7 Rxe3 19. Qxe3 h5 20. h4 a5
21. Rb6 Bg6 22. Qc3 Re8 23. Qxf6 gxf6 24. Rxd6 Re1+ 25. Kh2 Re2 26. Rxf6 Rxb2
27. a3 Ra2 28. d6 Rd2 29. Bb7 Kg7 30. Rf4 Rxd6 31. Ra4 Rb6 32. Be4 Rb5 33. Kg2
Rc5 34. Bxg6 Kxg6 35. Kf3 f6 36. Ke4 Rf5 37. Ke3 Kf7 38. Rc4 Kg6 39. a4 Re5+ 40.
Kd3 Rf5 41. f4 Rd5+ 42. Ke4 Rd1 43. f5+ Kh6 44. Rc5 Rg1 45. Kf3 Rf1+ 46. Kg2 Ra1
47. Rxa5 Ra3 48. Ra6 Kg7 49. Kf2 Rb3 50. Ra7+ Kh6 51. Ra8 Kg7 52. Rc8 Ra3 53.
Ra8 Rb3 54. Ra7+ Kh6 55. Kg2 Rxg3+ 56. Kxg3 1/2-1/2

[Event "TCh-CHN 2017"]
[Site "China CHN"]
[Date "2017.08.18"]
[Round "12.4"]
[Board "2"]
[White "Fang, Yuxiang"]
[Black "Zhang, Ziji"]
[Result "1-0"]
[WhiteTitle "GM"]
[WhiteElo "2497"]
[BlackElo "2355"]
[WhiteTeam "Qingdao"]
[BlackTeam "Hebei"]
[WhiteFideId "8605840"]
[BlackFideId "8609470"]
[EventDate "2017.04.18"]

1. c4 c6 2. e4 d5 3. exd5 cxd5 4. d4 Nf6 5. Nc3 Nc6 6. Bg5 dxc4 7. Bxc4 Qxd4 8.
Qxd4 Nxd4 9. O-O-O e5 10. Nf3 Nxf3 11. gxf3 Be6 12. Bxe6 fxe6 13. Rhe1 Bb4 14.
Rxe5 Bxc3 15. bxc3 Kf7 16. Rd6 Rhe8 17. f4 Rac8 18. Kc2 g6 19. Kb3 Rc7 20. Bxf6
Kxf6 21. a4 Kf7 22. c4 b6 23. Kb4 Rec8 24. Re4 Re7 25. Re5 Rec7 26. Rd4 Kf6 27.
Rde4 Rc6 28. a5 bxa5+ 29. Rxa5 a6 30. Kc3 Rb8 31. Re1 Rbc8 32. Re4 Ke7 33. Ra4
Ra8 34. Ra5 Rf8 35. Rd4 Rb8 36. Rd1 Rcb6 37. Ra3 Rf8 38. Rd4 Rf5 39. Rb3 Rxb3+
40. Kxb3 Rh5 41. Kb4 a5+ 42. Ka4 Rxh2 43. c5 Rxf2 44. c6 Rc2 45. Kb5 a4 46. Rxa4
Rb2+ 47. Kc5 Kd8 48. Ra8+ Kc7 49. Ra7+ Kc8 50. Rxh7 Rf2 51. Kd6 Rd2+ 52. Kxe6
Rc2 53. Kd6 Rd2+ 54. Ke5 Rc2 55. c7 Rc6 56. Re7 Ra6 57. Rf7 Ra5+ 58. Kf6 Ra6+
59. Kg5 Rc6 60. Rg7 Rc4 61. Rxg6 Kxc7 62. Re6 Kd7 63. f5 Rc8 64. Kg6 Rg8+ 65.
Kf7 Rg5 66. f6 1-0

[Event "TCh-CHN 2017"]
[Site "China CHN"]
[Date "2017.08.18"]
[Round "12.4"]
[Board "3"]
[White "Wang, Tongsen"]
[Black "Peng, Hongchi"]
[Result "1/2-1/2"]
[WhiteElo "2395"]
[BlackElo "2221"]
[WhiteTeam "Qingdao"]
[BlackTeam "Hebei"]
[WhiteFideId "8608067"]
[BlackFideId "8609047"]
[EventDate "2017.04.18"]

1. e4 c5 2. Nf3 d6 3. d4 Nf6 4. Nc3 cxd4 5. Nxd4 a6 6. Bg5 e6 7. f4 h6 8. Bh4
Be7 9. Qf3 Nbd7 10. O-O-O Qc7 11. Qg3 b5 12. Bxf6 Nxf6 13. e5 dxe5 14. fxe5 Nd7
15. Bxb5 axb5 16. Ndxb5 Qc5 17. Qxg7 Rf8 18. Rhe1 Ra6 19. Kb1 Bb7 20. Qxh6 Rb6
21. Qd2 Bc6 22. a4 Rg8 23. g3 Rg4 24. b3 Rb7 25. Qe2 Bxb5 26. Nxb5 Rxa4 27. bxa4
Qb4+ 28. Kc1 Bg5+ 29. Rd2 Qxa4 30. c4 Nc5 31. Nd6+ Kf8 32. Nxb7 Qa1+ 33. Kc2
Qa2+ 34. Kc3 Qa3+ 35. Kd4 Nb3+ 36. Ke4 Nxd2+ 37. Kd4 Qb2+ 38. Kc5 Qxb7 39. Kd4
Nf3+ 40. Kd3 Qb3+ 41. Ke4 Nxe1 42. Qxe1 Qxc4+ 43. Kf3 Qd3+ 44. Kg2 Qd2+ 45. Qxd2
Bxd2 46. Kf3 Kg7 47. h4 Kg6 48. g4 Be1 49. h5+ Kg5 50. Ke4 Bc3 1/2-1/2

[Event "TCh-CHN 2017"]
[Site "China CHN"]
[Date "2017.08.18"]
[Round "12.4"]
[Board "4"]
[White "Zhai, Mo"]
[Black "Hong, Xing"]
[Result "1-0"]
[WhiteTitle "WGM"]
[WhiteElo "2302"]
[BlackElo "2017"]
[WhiteTeam "Hebei"]
[BlackTeam "Qingdao"]
[WhiteFideId "8600201"]
[BlackFideId "8606129"]
[EventDate "2017.04.18"]

1. Nf3 Nf6 2. c4 e6 3. d4 d5 4. Bg5 Be7 5. e3 O-O 6. Nbd2 b6 7. Bd3 Bb7 8. O-O
Nbd7 9. Qe2 Ne4 10. Bf4 c5 11. cxd5 exd5 12. Rac1 Bf6 13. Rfd1 Qe7 14. h3 Rfe8
15. Ba6 Bxa6 16. Qxa6 g5 17. Bh2 h5 18. Qe2 g4 19. hxg4 hxg4 20. Ne5 Bxe5 21.
dxe5 Qe6 22. Nxe4 dxe4 23. Rd6 Qf5 24. e6 Nf6 25. exf7+ Kxf7 26. Rcd1 Re7 27.
Qc4+ Kg7 28. Qc3 Kf7 29. Bg3 Rh8 30. R1d5 Nxd5 31. Qxh8 Re8 32. Qh6 Nf6 33. Rc6
Re6 34. Rc7+ Re7 35. Rxe7+ Kxe7 36. Qg7+ Ke8 37. Qxa7 Qe6 38. b3 Qc6 39. Qg7 Qe6
40. a4 Qf5 41. Bh4 Nd5 42. Qg8+ Kd7 43. Qd8+ Kc6 44. Qe8+ Kb7 45. Bg3 Qh7 46.
Qb8+ Kc6 47. Qd6+ 1-0

[Event "TCh-CHN 2017"]
[Site "China CHN"]
[Date "2017.08.18"]
[Round "12.4"]
[Board "5"]
[White "Yang, Yijing"]
[Black "Sun, Fanghui"]
[Result "1/2-1/2"]
[WhiteTitle "WCM"]
[WhiteElo "2031"]
[BlackElo "2126"]
[WhiteTeam "Hebei"]
[BlackTeam "Qingdao"]
[WhiteFideId "8608601"]
[BlackFideId "8604150"]
[EventDate "2017.04.18"]

1. Nf3 d5 2. g3 c6 3. Bg2 e6 4. O-O f5 5. d4 Nf6 6. c4 Be7 7. b3 O-O 8. Ba3 Ne4
9. Ne5 Bxa3 10. Nxa3 Nd7 11. Nxd7 Bxd7 12. Nc2 Be8 13. e3 Qg5 14. Ne1 Bh5 15.
Qd3 Qe7 16. f3 Nf6 17. Qc3 Kh8 18. Nd3 Nd7 19. e4 dxe4 20. fxe4 Be2 21. Rf2 Bxd3
22. Qxd3 fxe4 23. Rxf8+ Rxf8 24. Qxe4 Nf6 25. Qe2 Rd8 26. Rd1 e5 27. dxe5 Rxd1+
28. Qxd1 Qxe5 29. Qd8+ Ng8 30. Qd2 Nf6 31. Qf2 a6 32. Bf3 g5 33. g4 h5 34. gxh5
g4 35. Bg2 Kg7 36. Qg3 Qd4+ 37. Qf2 Qa1+ 38. Qf1 Qe5 39. Qd3 Qxh5 40. Qd6 Qe8
41. Kf1 Qe3 42. Qg3 Qc1+ 43. Qe1 Qf4+ 44. Kg1 Kf7 45. Qe2 Qd4+ 46. Qf2 Qa1+ 47.
Bf1 Qe5 48. Qe2 Qd4+ 49. Qf2 Qe5 50. Qe2 Qd4+ 51. Qf2 1/2-1/2

[Event "TCh-CHN 2017"]
[Site "China CHN"]
[Date "2017.08.18"]
[Round "12.5"]
[Board "1"]
[White "Malakhov, Vladimir"]
[Black "Wen, Yang"]
[Result "1/2-1/2"]
[WhiteTitle "GM"]
[BlackTitle "GM"]
[WhiteElo "2686"]
[BlackElo "2605"]
[WhiteTeam "Tianjin"]
[BlackTeam "Shandong"]
[WhiteFideId "4120787"]
[BlackFideId "8602956"]
[EventDate "2017.04.18"]

1. e4 e5 2. Nf3 Nc6 3. Bb5 a6 4. Ba4 Nf6 5. d3 Bc5 6. Bxc6 dxc6 7. Nbd2 Be6 8.
b3 Nd7 9. Bb2 f6 10. Qe2 Qe7 11. d4 exd4 12. Nxd4 Bxd4 13. Bxd4 O-O-O 14. O-O-O
Rhe8 15. f3 c5 16. Bb2 Nb8 17. Nc4 Nc6 18. Ne3 Rxd1+ 19. Rxd1 f5 20. Qf2 fxe4
21. fxe4 g6 22. Qf4 Rf8 23. Qg3 Rf7 24. Nd5 Qf8 25. Bc3 b6 26. Kb2 Kb7 27. Rd3
a5 28. Rf3 Bxd5 29. exd5 Nd4 30. Rxf7 Qxf7 31. d6 Nb5 32. dxc7 Nxc3 33. Qxc3
Kxc7 34. a4 Kc6 35. Qh8 h5 36. Qc8+ Kd6 37. Qd8+ Kc6 38. Qc8+ Kd6 39. Qb8+ Kc6
40. Qe5 Kd7 41. h3 Kc6 42. g4 hxg4 43. hxg4 Kd7 44. Qe4 Qf6+ 45. Kc1 Kd6 46. Kb1
Qf1+ 47. Ka2 Qf6 48. Kb1 g5 49. Qd3+ Ke6 50. Qe4+ Kd6 51. Qd3+ Ke6 52. Qe4+ Kd6
53. Qd3+ Ke5 1/2-1/2